00912nam a22002537a 45000010005000000030006000050050017000110080041000280200018000690400029000870500013001160820016001291000020001452450068001652600038002333000054002714900042003255050008003675200112003755210021004875210020005086500065005286500065005937101FISKH20250623141152.0250623b cb ||||| |||| 00| 0 eng d a9780531219584 aFISKHbengcFISKHdFISKH aE185.B87 a973.0496073 aBurgan, Michael aAfrican Americans in the thirteen colonies /cBy Michael Burgan aNew York : bScholastic , c2013. a64 pages : bcolor illustrations , maps ;c3 cm . aCornerstones of FreedomvThird Series aZ  aPresents a brief history of African-Americans and of slavery in seventeenth and eighteenth century America.8 a1040 bLexile 8 aZ bRaz-Plus  aAfrican Americans-History-17 th CenturyvJuvenile Literaure  aAfrican Americans-History-18 th CenturyvJuvenile Literaure